00283cam a22001097a 4500008004000000082001700040100001700057245004800074260002600122300001400148650001100162180718b1955 xxu||||| |||| 00| 0 eng d aB2 P697 T212 aTaylor, A.E. aPlato: the man and his workcby A.E. Taylor aLondonbMethuenc1955 axii, 562p aPlato.